مكتبة جامعة عجلون الوطنية

فهرس بحث المكتبة

الإرشاد الزراعي الرقمي = Digital Agricultural Extension (Record no. 33180)

MARC details
000 -LEADER
fixed length control field 00863nam a22002177a 4500
003 - CONTROL NUMBER IDENTIFIER
control field JO-AjAnu
005 - DATE AND TIME OF LATEST TRANSACTION
control field 20231128105410.0
008 - FIXED-LENGTH DATA ELEMENTS--GENERAL INFORMATION
fixed length control field 231128b jo ||||| |||| 00| 0 ara d
020 ## - INTERNATIONAL STANDARD BOOK NUMBER
International Standard Book Number 97897738064467
040 ## - CATALOGING SOURCE
Original cataloging agency JO-AjAnu
Language of cataloging eng
Transcribing agency JO-AjAnu
Modifying agency JO-AjAnu
041 #0 - LANGUAGE CODE
Language code of text/sound track or separate title ara
Language code of original ara
050 ## - LIBRARY OF CONGRESS CALL NUMBER
Classification number S544
Item number 2019
100 #1 - MAIN ENTRY--PERSONAL NAME
Personal name عبدالغني، محمد محمد محمد
9 (RLIN) 64506
Relator term اعداد
245 #0 - TITLE STATEMENT
Title الإرشاد الزراعي الرقمي = Digital Agricultural Extension
Statement of responsibility, etc. / محمد محمد محمد عبد الغني
Remainder of title
250 ## - EDITION STATEMENT
Edition statement الطبعة الاولى
260 ## - PUBLICATION, DISTRIBUTION, ETC.
Place of publication, distribution, etc. القاهرة:
Name of publisher, distributor, etc. دار العلوم للنشر والتوزيع،
Date of publication, distribution, etc. 2019
300 ## - PHYSICAL DESCRIPTION
Extent 127 صفحة
500 ## - GENERAL NOTE
General note يحتوي على مراجع باللغتين العربية والانجليزية
650 40 - SUBJECT ADDED ENTRY--TOPICAL TERM
Topical term or geographic name entry element الارشاد الزراعي
9 (RLIN) 64508
942 ## - ADDED ENTRY ELEMENTS (KOHA)
Source of classification or shelving scheme Library of Congress Classification
Koha item type Books
Suppress in OPAC No
Holdings
Withdrawn status Lost status Source of classification or shelving scheme Damaged status Not for loan Home library Current library Date acquired Total Checkouts Full call number Barcode Date last seen Price effective from Koha item type
    Library of Congress Classification     مكتبة جامعة عجلون الوطنية مكتبة جامعة عجلون الوطنية 28/11/2023   S544 2019 A29658 28/11/2023 28/11/2023 Books
    Library of Congress Classification     مكتبة جامعة عجلون الوطنية مكتبة جامعة عجلون الوطنية 28/11/2023   S544 2019 A29659 28/11/2023 28/11/2023 Books